Composing the Party Line (Record no. 351625)
[ view plain ]
| 000 -LEADER | |
|---|---|
| fixed length control field | 00734nam a2200145Ia 4500 |
| 008 - FIXED-LENGTH DATA ELEMENTS--GENERAL INFORMATION | |
| fixed length control field | 171212s9999 xx 000 0 und d |
| 020 ## - INTERNATIONAL STANDARD BOOK NUMBER | |
| International Standard Book Number | 9781557536471 |
| 100 ## - MAIN ENTRY--PERSONAL NAME | |
| Personal name | Tompkins, David G. |
| 245 ## - TITLE STATEMENT | |
| Statement of responsibility, etc | Tompkins, David G. |
| Title | Composing the Party Line |
| Remainder of title | Music and Politics in Early Cold War Poland and East Germany |
| 260 ## - PUBLICATION, DISTRIBUTION, ETC. (IMPRINT) | |
| Name of publisher, distributor, etc | Purdue University Press |
| Date of publication, distribution, etc | 2013 |
| 440 ## - SERIES STATEMENT/ADDED ENTRY--TITLE | |
| Title | Central European Studies |
| 650 ## - SUBJECT ADDED ENTRY--TOPICAL TERM | |
| Topical term or geographic name as entry element | History |
| 650 ## - SUBJECT ADDED ENTRY--TOPICAL TERM | |
| Topical term or geographic name as entry element | Music -- Political aspects -- Poland -- History -- 20th century; Music -- Political aspects -- Germany (East) -- History -- 20th century; Music and state -- Poland -- History -- 20th century; Music and state -- Germany (East) -- History -- 20th century |
| 856 ## - ELECTRONIC LOCATION AND ACCESS | |
| Uniform Resource Identifier | <a href="http://www.jstor.org/stable/j.ctt6wq3gn">http://www.jstor.org/stable/j.ctt6wq3gn</a> |
| Withdrawn status | Lost status | Damaged status | Home library | Current library | Date acquired | Total Checkouts | Full call number | Date last seen | Price effective from | Koha item type |
|---|---|---|---|---|---|---|---|---|---|---|
| College Library | College Library | 12/12/2017 | ML3916.T67 2013 | 12/12/2017 | 12/12/2017 | Curriculum - Based eBooks |